مكتبة جامعة عجلون الوطنية

فهرس بحث المكتبة

Normal view MARC view
  • التهامي، نازك احمد واخرون، م.مشارك ابراهيم جابر المصري، ام.مشارك اسماعيل محمود علي، م.مشارك ياسمين اسلام علي

Entry Personal Name

Number of records used in: 1

001 - CONTROL NUMBER

  • control field: 61930

003 - CONTROL NUMBER IDENTIFIER

  • control field: JO-AjAnu

005 - DATE AND TIME OF LATEST TRANSACTION

  • control field: 20230606084121.0

008 - FIXED-LENGTH DATA ELEMENTS

  • fixed length control field: 230606|| aca||aabn | a|a d

040 ## - CATALOGING SOURCE

  • Original cataloging agency: JO-AjAnu
  • Transcribing agency: JO-AjAnu

100 ## - HEADING--PERSONAL NAME

  • Personal name: التهامي، نازك احمد واخرون، م.مشارك ابراهيم جابر المصري، ام.مشارك اسماعيل محمود علي، م.مشارك ياسمين اسلام علي

670 ## - SOURCE DATA FOUND

  • Source citation: Work cat.: (JO-AjAnu)31586: التهامي، نازك احمد واخرون، م.مشارك ابراهيم جابر المصري، ام.مشارك اسماعيل محمود علي، م.مشارك ياسمين اسلام علي , author, المرجع في صعوبات التعلم وسبل علاجها، (الجزء الثاني)